000 00235nam a2200085Ia 4500
008 120527s9999 xx 000 0 und d
100 _aAJAYI, E.A
245 _aStrategies for farming systems development in sub-saharan Africa
942 _cBK
999 _c25227
_d25227